| 000 | 00000cam 2200000zi 4500 |
| 001 | 9.959678 |
| 003 | CaOODSP |
| 005 | 20260603105343 |
| 006 | m o d f |
| 007 | cr cn||||||||| |
| 008 | 260209t20252026onc ob f000 0 eng d |
| 020 | |a9780660983028 |
| 040 | |aCaOODSP|beng|erda|cCaOODSP |
| 043 | |an-cn--- |
| 086 | 1 |aT94-111/2026E-PDF |
| 245 | 00|aFollow-up review of Housing, Infrastructure and Communities Canada response to external audits : |bfinal report / |cInternal Audit Directorate, Audit and Evaluation Branch. |
| 246 | 17|aFollow-up review of HICC’s response to external audits — final report |
| 264 | 1|aOttawa, Ontario : |bHousing, Infrastructure and Communities Canada = Logement, Infrastructures et Collectivités Canada, |cOctober 2025. |
| 264 | 4|c©2026 |
| 300 | |a1 online resource (38 pages) |
| 336 | |atext|btxt|2rdacontent |
| 337 | |acomputer|bc|2rdamedia |
| 338 | |aonline resource|bcr|2rdacarrier |
| 500 | |aCover title. |
| 500 | |aIssued also in French under title: Examen de suivi de la réponse de Logement, Infrastructureset Collectivités Canada (LICC) aux vérifications externes : rapport final. |
| 504 | |aIncludes bibliographical references. |
| 610 | 10|aCanada. |bHousing, Infrastructure and Communities Canada|xAuditing. |
| 710 | 1 |aCanada. |bHousing, Infrastructure and Communities Canada, |bAudit and Evaluation Branch, |eissuing body. |
| 775 | 08|tExamen de suivi de la réponse de Logement, Infrastructures et Collectivités Canada (LICC) aux vérifications externes : |w(CaOODSP)9.959679 |
| 856 | 40|qPDF|s741 KB|uhttps://publications.gc.ca/collections/collection_2026/licc-hicc/T94-111-2026-eng.pdf |
| 856 | 4 |qHTML|sN/A|uhttps://housing-infrastructure.canada.ca/pd-dp/ia-vi/review-external-audits-response-examen-verifications-externes-eng.html |